000 00423nam a22001697a 4500
003 MPLRDC
005 20220104142526.0
008 210129b ||||| |||| 00| 0 eng d
020 _a07-099695-4
082 _a805.133 TDHY 1972
100 _a林语堂编
245 _a当代汉英词典
_c
260 _a
_b香港中文大学词典部
_c1972
300 _b
650 _a汉英词典
942 _cBK
_o805.133 TDHY 1972
999 _c31587
_d31577